000
00262nam a22001097a 4500
008
170124b xxu||||| |||| 00| 0 eng d
020
_a
9780397553617
041
_a
eng
080
_2
4TH
_a
618.2
245
_a
GERONTOLOGICAL NURSING
_c
ELIOPOULOS, CH
942
_2
udc
_c
BK
999
_c
3469
_d
3469